Teoría general para un entendimiento razonable de los episodios del mundo del derecho (Record no. 108364)

MARC details
000 -LEADER
fixed length control field 00770cam a2200217 4500
005 - DATE AND TIME OF LATEST TRANSACTION
control field 20200124101140.0
008 - FIXED-LENGTH DATA ELEMENTS--GENERAL INFORMATION
fixed length control field 160114b spa||||| |||| 00| 0 spa d
020 ## - INTERNATIONAL STANDARD BOOK NUMBER
International Standard Book Number 8481554073
050 04 - LIBRARY OF CONGRESS CALL NUMBER
Classification number K355
Item number L54 1998
100 1# - MAIN ENTRY--PERSONAL NAME
Personal name Lledó Yagüe, Francisco
Relator term autor
245 10 - TITLE STATEMENT
Title Teoría general para un entendimiento razonable de los episodios del mundo del derecho
Statement of responsibility, etc / Francisco Lledó Yagüe , Manuel Ma. Zorrilla Ruiz.
250 ## - EDITION STATEMENT
Edition statement 1a ed.
260 ## - PUBLICATION, DISTRIBUTION, ETC. (IMPRINT)
Place of publication, distribution, etc Madrid :
Name of publisher, distributor, etc Dykinson ,
Date of publication, distribution, etc 1998
300 ## - PHYSICAL DESCRIPTION
Extent 675 p. ;
Dimensions 24 cm.
504 ## - BIBLIOGRAPHY, ETC. NOTE
Bibliography, etc Incluye bibliografía :p.657-675
506 ## - RESTRICTIONS ON ACCESS NOTE
Terms governing access Donación por la dirección de la escuela
650 #7 - SUBJECT ADDED ENTRY--TOPICAL TERM
Source of heading or term lemb
Topical term or geographic name as entry element Teoría del derecho
650 #7 - SUBJECT ADDED ENTRY--TOPICAL TERM
Source of heading or term lemb
Topical term or geographic name as entry element Filosofía del derecho
700 1# - ADDED ENTRY--PERSONAL NAME
Personal name Zorrilla Ruiz, Manuel María,
Relator term autor
942 ## - ADDED ENTRY ELEMENTS (KOHA)
Source of classification or shelving scheme Biblioteca del Cogreso de los Estados Unidos
Koha item type Libro
Holdings
Estado de pérdida Fuente de clasificación Estado del daño No para préstamo Ubicación permanente Ubicación actual Apartado o colección Fecha de adquisición Edición Dependencia de educación superior (DES) Área del conocimiento Clasificación Código de Barras Date last seen Número de copia Costo por reposición Tipo de recurso
  Biblioteca del Cogreso de los Estados Unidos     Biblioteca de la Facultad de Derecho y Ciencias Sociales "Felipe J. Tena" Biblioteca de la Facultad de Derecho y Ciencias Sociales "Felipe J. Tena" General 14/01/2016 1a ed. Derecho Ciencias Sociales y Administrativas K355 L54 1998 BFD000007165 14/01/2016 1 1.00 Libro